00648nam a2200217Ia 450000500170000000800410001702000140005804000190007204100120009108200170010310000200012024500920014025000120023226000340024430000240027850400340030265000230033665100320035970000290039185000100042020230628111119.0131103s9999 xx 000 0 und d a205056261 aLoreto College aEnglish a301.431bHAN aHansen,James C. aCounselingb theory and process cJames C.Hansen, Richard R.Slevic and Richard W.Warner a2nd ed. aBostonbAllyn and Baconc1977 avii,538 p.b illus. aIncludes references and index aApplied Psychology aCounseling and Interviewing aStevie,Richard R.,auth.  aLCLIB